Responses for Show #5853 - Wednesday, February 10, 2010

2010-A College Championship semifinal game 3.

Contestants

[<< previous game]

Dan D'Addario, a senior from Columbia University

Ryan Stoffers, a sophomore from UCLA

Lindsay Eanet, a senior from the University of Missouri

[next game >>]

Jeopardy! Round responses

NAME THAT CONTINENT
OSCARS SINCE 2000
WEIRD SCIENCE
SUPERHERO NAMES THROUGH PICTURES
BE TRUE TO YOUR SCHOOL
ALPHABETIC LETTER PAIRS
(Alex: The responses are two consecutive letters--two consecutive letters of the alphabet.)
    $200 7
South America

Dan
    $200 1
Heath Ledger

Ryan
    $200 26
gravity

Lindsay
    $200 6
Cyclops

Dan
    $200 12
Purdue

Lindsay
    $200 18
the CD

Ryan
    $400 8
Antarctica

Lindsay
    $400 2
Juno

Dan
    $400 27
octopi

Dan
    $400 17
Batman & Robin

Dan
    $400 13
Amherst

Ryan
    $400 19
UV

Dan
    $600 9
Australia

Ryan
    $600 3
Forest Whitaker

Ryan
    $600 30
lightning

Dan
    $600 21
the Green Lantern

Lindsay
    $600 14
Benazir Bhutto

Dan
    $600 20
St.

Lindsay
    $800 10
Asia

Ryan
    $800 4
Katharine Hepburn

Ryan
    $800 29
a rock

Ryan
    $800 24
the Invisible Woman

Lindsay
    $800 15
the University of Chicago

Lindsay
    $1,100 22
AB

Lindsay
    $1000 11
Africa

Dan
    $1000 5
Sean Penn

Ryan
    $1000 28
(Dan: What is static electricity?)

a negative charge

Dan
Triple Stumper
    $1000 25
the Atom

Triple Stumper
    $1000 16
(Dan: What is the Harvard Business School?)

the Massachusetts Institute of Technology (M.I.T.)

LindsayDan
    $1000 23
noh

Lindsay

Scores at the first commercial break (after clue 16):

Lindsay Ryan Dan
$2,400 $4,400 $1,400

Scores at the end of the Jeopardy! Round:

Lindsay Ryan Dan
$6,700 $5,400 $2,200

Double Jeopardy! Round responses

ROYALTY ON BROADWAY
BAND NAMES
NONFICTION
THE AGE OF THE AQUARIUS
OBAMAMANIA
COMPLETES THE FAMOUS PHR--
    $400 24
Simba

Ryan
    $400 3
Good Charlotte

Lindsay
    $400 1
Tori Spelling

Dan
    $400 30
Edison

Lindsay
    $400 25
basketball

Dan
    $400 11
head

Ryan
    $800 23
Queen Elizabeth I

Ryan
    $800 4
The Grateful Dead

Lindsay
    $800 2
Ted Kennedy

Lindsay
    $800 29
(Ryan: Who is Nostradamus?)

Jules Verne

Ryan
Triple Stumper
    $800 20
the Nobel Peace Prize

Lindsay
    $800 12
Kansas anymore

Ryan
    $1200 19
Siam

Ryan
    $1200 5
My Morning Jacket

Lindsay
    $1200 8
(Ryan: What is Silent Spring?)

The Sea Around Us

Ryan
Triple Stumper
    $1200 28
(Dan: Who is DeBeers?)

Charles Louis Tiffany

Dan
Triple Stumper
    $1200 18
the Democratic National Convention

Lindsay
    $1200 13
and die

Ryan
    $1600 21
Amadeus

Ryan
    $2,000 6
Nickelback

Lindsay
    $1600 9
Born to Run

Ryan
    $1600 27
(Lindsay: Who is... oh, [*]!)
(Alex: Sorry, not in time.)

Mendelssohn

Lindsay
Triple Stumper
    $1600 17
Spike Lee

Ryan
    $1600 14
leap for mankind

Dan
    $2000 22
Macbeth

Lindsay
    $2000 7
(Alex: [Smiling] All right, well done in that category. You ran it. And I just want you to remember what we were talking about a little while ago.)

Fall Out Boy

Lindsay
    $2,500 10
(Cornelius) Vanderbilt

Ryan
    $2000 26
Cotton Mather

Dan
    $2000 15
Indonesia

Lindsay
    $2000 16
(Dan: What is et moi?)
...
(Alex: You were thinking of another famous line--"L'état, c'est moi", but "Après moi le [*]".

deluge

Dan
Triple Stumper

Scores at the end of the Double Jeopardy! Round:

Lindsay Ryan Dan
$18,700 $15,500 $3,400

[wagering suggestions for these scores]

Final Jeopardy! Round responses

AMERICAN HEROES
DanWho was Peary?
$3,100
RyanWho was John Paul Jones
$9,000
LindsayWho was Dewey?
$16,543
John Paul Jones

Final scores:

Lindsay Ryan Dan
$2,157 $24,500 $300
2nd place: $10,000 Finalist 3rd place: $10,000

Game dynamics:

Coryat scores:

Lindsay Ryan Dan
$18,000 $15,000 $3,400
21 R
(including 2 DDs),
1 W
19 R
(including 1 DD),
2 W
13 R,
4 W

Combined Coryat: $36,400

[game clues] [game scores] [suggest correction]

Game tape date: 2010-01-06
The J! Archive is created by fans, for fans. Scraping, republication, monetization, and malicious use prohibited; this site may use cookies and collect identifying information. See terms. The Jeopardy! game show and all elements thereof, including but not limited to copyright and trademark thereto, are the property of Jeopardy Productions, Inc. and are protected under law. This website is not affiliated with, sponsored by, or operated by Jeopardy Productions, Inc. Join the discussion at JBoard.tv.